En las orillas del Sar

Guardado en:
Bibliografiske detaljer
Hovedforfatter: Castro, Rosalía de
Format: Bog
Sprog:Spanish
Udgivet: Madrid, España Anaya 1967
Fag:
Tags: Tilføj Tag
Ingen Tags, Vær først til at tagge denne postø!

MARC

LEADER 00000nam a2200000Ia 4500
008 170316s9999 xx 000 0 spa d
040 |a cru BVZT 
090 |a 862 C-27e 
100 |a Castro, Rosalía de 
245 |a En las orillas del Sar 
260 |a Madrid, España 
260 |b Anaya 
260 |c 1967 
300 |a 141 páginas 
650 |a LITERATURA ESPAÑOLA 
650 |a POESÍA EN VERSOS 
942 |c 15 D 
999 |c 9646  |d 9646